00000000cam 2200000zi 4500
0019.927242
003CaOODSP
00520251212145244
006m     o  d f      
007cr bn|||||||||
008230213e19921002quc     ob   f000 0 fre d
040 |aCaOODSP|bfre|erda|cCaOODSP
043 |an-cn-qu
045 |ax9x9
0861 |aEn154-259/1992F-PDF
24500|aDétermination des teneurs en HAP dans l'air ambiant de Baie Comeau et de Trois Rivières : |bcampagne d'échantillonnage hiver, 1992.
264 1|aLachine, Qué. : |bNovalab ltée = Novalab Ltd., |c2 octobre 1992.
300 |a1 ressource en ligne (2 pages, 12 pages non numérotées)
336 |atexte|btxt|2rdacontent/fre
337 |ainformatique|bc|2rdamedia/fre
338 |aressource en ligne|bcr|2rdacarrier/fre
500 |a« Rapport soumis à Environnement Canada, Conservation et protection; votre réquisitions : 6666, 7009; par Novalab limitée ... »
500 |a« C.R. Dupressoir, Ph.D., chimiste. »
500 |aÉdition numérisée de l'imprimé [par Environnement et changement climatique Canada].
504 |aComprend des références bibliographiques.
650 6|aHydrocarbures aromatiques polycycliques|zQuébec (Province)|zBaie-Comeau|xAnalyse.
650 6|aHydrocarbures aromatiques polycycliques|zQuébec (Province)|zTrois-Rivières|xAnalyse.
650 6|aAir|zQuébec (Province)|zBaie-Comeau|xAnalyse.
650 6|aAir|zQuébec (Province)|zTrois-Rivières|xAnalyse.
650 6|aAir|xPollution|zQuébec (Province)|zBaie-Comeau|xMesure.
650 6|aAir|xPollution|zQuébec (Province)|zTrois-Rivières|xMesure.
650 0|aPolycyclic aromatic hydrocarbons|zQuébec (Province)|zBaie-Comeau|xAnalysis.
650 0|aPolycyclic aromatic hydrocarbons|zQuébec (Province)|zTrois-Rivières|xAnalysis.
650 0|aAir|zQuébec (Province)|zBaie-Comeau|xAnalysis.
650 0|aAir|zQuébec (Province)|zTrois-Rivières|xAnalysis.
650 0|aAir|xPollution|zQuébec (Province)|zBaie-Comeau|xMeasurement.
650 0|aAir|xPollution|zQuébec (Province)|zTrois-Rivières|xMeasurement.
7101 |aCanada. |bConservation et protection. |bRégion du Québec, |eorganisme de publication.
85640|qPDF|s593 Ko|uhttps://publications.gc.ca/collections/collection_2025/eccc/en154/En154-259-1992-fra.pdf